[Event "XXVI Miedzynarodowy Festiwal Szachowy im.Jozefa Dominika"]
[Site "Dobczyce"]
[Date "2018.07.14"]
[Round "7.3"]
[White "Kuciel, Wladyslaw"]
[Black "Szczurek, Krzysztof"]
[Result "0-1"]
[BlackElo "2136"]
[WhiteElo "1963"]
[LiveChessVersion "1.4.8"]

1. Nf3 {[%clk 1:30:50]} Nf6 {[%clk 1:30:51]} 2. c4 {[%clk 1:31:13]} g6
{[%clk 1:31:17]} 3. g3 {[%clk 1:31:34]} Bg7 {[%clk 1:31:41]} 4. Bg2
{[%clk 1:31:55]} c5 {[%clk 1:32:03]} 5. Nc3 {[%clk 1:32:19]} O-O {[%clk 1:32:26]}
6. O-O {[%clk 1:32:22]} d6 {[%clk 1:32:39]} 7. d4 {[%clk 1:32:19]} Nbd7
{[%clk 1:32:11]} 8. e4 {[%clk 1:31:34]} cxd4 {[%clk 1:25:13]} 9. Nxd4
{[%clk 1:31:52]} Ne5 {[%clk 1:25:36]} 10. b3 {[%clk 1:30:47]} Bg4
{[%clk 1:24:23]} 11. Qd2 {[%clk 1:29:40]} Qd7 {[%clk 1:23:43]} 12. Bb2
{[%clk 1:26:48]} Bh3 {[%clk 1:22:02]} 13. f3 {[%clk 1:25:15]} h6 {[%clk 1:17:59]}
14. Rac1 {[%clk 1:21:38]} Nh7 {[%clk 1:15:23]} 15. f4 {[%clk 1:20:09]} Bxg2
{[%clk 1:15:42]} 16. Kxg2 {[%clk 1:20:16]} Nc6 {[%clk 1:16:06]} 17. Nd5
{[%clk 1:17:02]} e6 {[%clk 1:13:51]} 18. Ne3 {[%clk 1:16:50]} Nxd4
{[%clk 1:10:29]} 19. Bxd4 {[%clk 1:16:52]} Qc6 {[%clk 1:10:55]} 20. Bxg7
{[%clk 1:08:44]} Qxe4+ {[%clk 1:10:47]} 21. Kf2 {[%clk 1:08:17]} Kxg7
{[%clk 1:11:07]} 22. Rfe1 {[%clk 1:04:39]} Qc6 {[%clk 1:07:39]} 23. c5
{[%clk 0:59:46]} Nf6 {[%clk 1:06:12]} 24. Qb2 {[%clk 0:58:42]} e5
{[%clk 0:50:38]} 25. cxd6 {[%clk 0:56:56]} Qxd6 {[%clk 0:50:32]} 26. fxe5
{[%clk 0:55:40]} Ne4+ {[%clk 0:50:56]} 27. Kg2 {[%clk 0:50:50]} Qe6
{[%clk 0:51:19]} 28. Qd4 {[%clk 0:40:02]} Ng5 {[%clk 0:50:29]} 29. Re2
{[%clk 0:34:03]} Rac8 {[%clk 0:46:43]} 30. Rxc8 {[%clk 0:28:56]} Rxc8
{[%clk 0:47:01]} 31. Qg4 {[%clk 0:27:12]} Qc6+ {[%clk 0:46:22]} 32. Kf2
{[%clk 0:27:32]} Qh1 {[%clk 0:45:21]} 33. Nf1 {[%clk 0:22:37]} Rc1
{[%clk 0:44:33]} 34. Re1 {[%clk 0:23:06]} Rxe1 {[%clk 0:43:43]} 35. Kxe1
{[%clk 0:23:31]} Nf3+ {[%clk 0:44:08]} 36. Kf2 {[%clk 0:22:31]} Qxf1+ 0-1

[Event "XXVI Miedzynarodowy Festiwal Szachowy im.Jozefa Dominika"]
[Site "Dobczyce"]
[Date "2018.07.14"]
[Round "7.4"]
[White "Watorek, Marcin"]
[Black "Lewtak, Dominik"]
[Result "1/2-1/2"]
[BlackElo "2164"]
[WhiteElo "2113"]
[LiveChessVersion "1.4.8"]

1. d4 {[%clk 1:27:58]} Nf6 {[%clk 1:30:51]} 2. c4 {[%clk 1:28:00]} e6
{[%clk 1:31:14]} 3. Nf3 {[%clk 1:28:07]} b6 {[%clk 1:31:31]} 4. a3
{[%clk 1:28:21]} Bb7 {[%clk 1:31:06]} 5. Nc3 {[%clk 1:28:42]} g6 {[%clk 1:30:20]}
6. d5 {[%clk 1:28:10]} d6 {[%clk 1:29:57]} 7. e4 {[%clk 1:25:05]} Nbd7
{[%clk 1:28:54]} 8. Bd3 {[%clk 1:24:19]} Bg7 {[%clk 1:28:25]} 9. O-O
{[%clk 1:22:56]} Qe7 {[%clk 1:28:46]} 10. Bc2 {[%clk 1:21:32]} O-O
{[%clk 1:19:35]} 11. Rb1 {[%clk 1:09:31]} Rac8 {[%clk 1:13:18]} 12. b3
{[%clk 1:04:51]} c6 {[%clk 1:11:18]} 13. dxc6 {[%clk 0:58:39]} Bxc6
{[%clk 1:11:40]} 14. Bb2 {[%clk 0:58:51]} Rfd8 {[%clk 1:03:52]} 15. Qe2
{[%clk 0:58:26]} Nc5 {[%clk 1:01:31]} 16. b4 {[%clk 0:53:58]} Ncd7
{[%clk 1:01:46]} 17. Rfd1 {[%clk 0:53:22]} Ba8 {[%clk 0:59:52]} 18. Nb5
{[%clk 0:39:27]} Nb8 {[%clk 0:59:04]} 19. e5 {[%clk 0:37:45]} dxe5
{[%clk 0:58:57]} 20. Nxe5 {[%clk 0:37:21]} a6 {[%clk 0:56:27]} 21. Nd4
{[%clk 0:36:10]} Nh5 {[%clk 0:54:58]} 22. Ndf3 {[%clk 0:35:24]} Nd7
{[%clk 0:53:20]} 23. Be4 {[%clk 0:32:19]} Nf4 {[%clk 0:48:56]} 24. Qe3
{[%clk 0:29:36]} Nxe5 {[%clk 0:48:23]} 25. Nxe5 {[%clk 0:29:43]} Bxe4
{[%clk 0:43:55]} 26. Qxe4 {[%clk 0:29:58]} Qg5 {[%clk 0:43:44]} 27. g3
{[%clk 0:25:45]} Nh5 {[%clk 0:43:21]} 28. h4 {[%clk 0:22:02]} Qe7
{[%clk 0:40:55]} 29. Rbc1 {[%clk 0:12:32]} Nf6 {[%clk 0:40:05]} 30. Qe2
{[%clk 0:11:24]} Ne8 {[%clk 0:38:03]} 31. Rxd8 {[%clk 0:11:34]} Qxd8
{[%clk 0:38:24]} 32. c5 {[%clk 0:11:32]} bxc5 {[%clk 0:38:25]} 33. bxc5
{[%clk 0:11:57]} Qd5 {[%clk 0:38:24]} 34. Qc4 {[%clk 0:08:35]} Qxc4
{[%clk 0:35:34]} 35. Rxc4 {[%clk 0:09:00]} Bxe5 {[%clk 0:36:02]} 36. Bxe5
{[%clk 0:09:25]} f6 {[%clk 0:36:28]} 37. Bd4 {[%clk 0:09:41]} e5 {[%clk 0:36:41]}
38. Be3 {[%clk 0:10:07]} Kf7 {[%clk 0:37:08]} 39. Rb4 {[%clk 0:10:14]} Rc6
{[%clk 0:37:13]} 40. Rb7+ {[%clk 0:10:10]} Nc7 {[%clk 0:35:09]} 41. Rb6
{[%clk 0:10:16]} Re6 {[%clk 0:35:32]} 42. Rb7 {[%clk 0:09:55]} Rc6
{[%clk 0:35:56]} 43. Rb6 {[%clk 0:10:19]} Re6 {[%clk 0:36:23]} 44. Rb7
{[%clk 0:10:40]} Rc6 1/2-1/2

[Event "XXVI Miedzynarodowy Festiwal Szachowy im.Jozefa Dominika"]
[Site "Dobczyce"]
[Date "2018.07.14"]
[Round "7.5"]
[White "Bednarczyk, Damian"]
[Black "Marzec, Karol"]
[Result "1-0"]
[BlackElo "2006"]
[WhiteElo "2227"]
[LiveChessVersion "1.4.8"]

1. e4 {[%clk 1:30:45]} d6 {[%clk 1:30:47]} 2. g3 {[%clk 1:30:47]} g6
{[%clk 1:31:06]} 3. Bg2 {[%clk 1:31:04]} Bg7 {[%clk 1:31:23]} 4. Ne2
{[%clk 1:31:17]} c5 {[%clk 1:31:36]} 5. Nbc3 {[%clk 1:30:43]} Nf6
{[%clk 1:31:55]} 6. d3 {[%clk 1:29:46]} Nc6 {[%clk 1:32:03]} 7. O-O
{[%clk 1:28:17]} O-O {[%clk 1:32:14]} 8. h3 {[%clk 1:27:53]} Bd7 {[%clk 1:32:22]}
9. Be3 {[%clk 1:28:03]} Rb8 {[%clk 1:31:52]} 10. a4 {[%clk 1:27:52]} a6
{[%clk 1:28:59]} 11. Qd2 {[%clk 1:26:55]} Qc8 {[%clk 1:27:03]} 12. Kh2
{[%clk 1:19:52]} Re8 {[%clk 1:25:47]} 13. a5 {[%clk 1:15:36]} Qc7
{[%clk 1:24:01]} 14. Na4 {[%clk 1:13:29]} Red8 {[%clk 1:17:42]} 15. Nb6
{[%clk 1:12:32]} Be8 {[%clk 1:16:53]} 16. Bg5 {[%clk 1:09:59]} Ne5
{[%clk 1:14:53]} 17. Nc3 {[%clk 1:09:37]} Bc6 {[%clk 1:14:04]} 18. Bxf6
{[%clk 1:05:22]} Bxf6 {[%clk 1:10:57]} 19. Ncd5 {[%clk 0:58:54]} Bxd5
{[%clk 1:10:42]} 20. Nxd5 {[%clk 0:59:18]} Qd7 {[%clk 1:09:57]} 21. Nxf6+
{[%clk 0:57:14]} exf6 {[%clk 1:10:12]} 22. f4 {[%clk 0:55:55]} Nc6
{[%clk 1:10:12]} 23. c3 {[%clk 0:55:56]} Qc7 {[%clk 1:08:29]} 24. b4
{[%clk 0:56:09]} b6 {[%clk 1:01:45]} 25. d4 {[%clk 0:51:54]} cxd4
{[%clk 0:58:06]} 26. cxd4 bxa5 27. bxa5 {[%clk 0:52:05]} Qa7 {[%clk 0:56:03]} 28.
Ra4 {[%clk 0:46:14]} Ne7 {[%clk 0:52:27]} 29. f5 {[%clk 0:43:32]} g5
{[%clk 0:51:15]} 30. Rc1 {[%clk 0:41:14]} Qd7 {[%clk 0:42:30]} 31. Rac4
{[%clk 0:31:58]} Rdc8 {[%clk 0:40:36]} 32. Rxc8+ {[%clk 0:27:51]} Rxc8
{[%clk 0:40:28]} 33. Rxc8+ {[%clk 0:28:15]} Nxc8 {[%clk 0:34:15]} 34. Qc3
{[%clk 0:23:41]} Na7 {[%clk 0:33:39]} 35. Qc4 {[%clk 0:19:20]} Qc6
{[%clk 0:29:11]} 36. Qb4 {[%clk 0:16:45]} Nb5 {[%clk 0:19:51]} 37. e5
{[%clk 0:16:51]} d5 {[%clk 0:19:47]} 38. Qe7 {[%clk 0:17:06]} h6 {[%clk 0:17:32]}
39. e6 {[%clk 0:16:40]} fxe6 {[%clk 0:16:40]} 40. fxe6 {[%clk 0:15:29]} Qc7
{[%clk 0:16:23]} 41. Qe8+ {[%clk 0:14:33]} Kg7 {[%clk 0:16:34]} 42. e7
{[%clk 0:14:54]} Nd6 {[%clk 0:15:54]} 43. Qd8 {[%clk 0:13:29]} Qc6
{[%clk 0:15:45]} 44. Qxd6 {[%clk 0:13:57]} Qxd6 {[%clk 0:15:52]} 45. e8=N+
{[%clk 0:14:19]} 1-0

[Event "XXVI Miedzynarodowy Festiwal Szachowy im.Jozefa Dominika"]
[Site "Dobczyce"]
[Date "2018.07.14"]
[Round "7.6"]
[White "Mirski, Michal"]
[Black "Golenia, Jan"]
[Result "1-0"]
[BlackElo "1986"]
[WhiteElo "1973"]
[LiveChessVersion "1.4.8"]

1. e4 {[%clk 1:30:47]} g6 {[%clk 1:30:28]} 2. Nc3 {[%clk 1:31:08]} Bg7
{[%clk 1:30:48]} 3. g3 {[%clk 1:31:32]} d6 {[%clk 1:30:26]} 4. Bg2
{[%clk 1:31:54]} Nf6 {[%clk 1:30:14]} 5. Nge2 {[%clk 1:32:17]} c5
{[%clk 1:27:56]} 6. O-O {[%clk 1:31:56]} Nc6 {[%clk 1:26:08]} 7. d3
{[%clk 1:32:10]} Bd7 {[%clk 1:21:55]} 8. h3 {[%clk 1:31:02]} Rb8 {[%clk 1:21:22]}
9. a4 {[%clk 1:30:34]} O-O {[%clk 1:20:58]} 10. Be3 {[%clk 1:31:02]} h6
{[%clk 1:19:52]} 11. Qd2 {[%clk 1:31:16]} Kh7 {[%clk 1:20:21]} 12. f4
{[%clk 1:31:10]} Ne8 {[%clk 1:19:37]} 13. Kh2 {[%clk 1:25:48]} e6
{[%clk 1:19:14]} 14. d4 cxd4 {[%clk 1:14:27]} 15. Nxd4 {[%clk 1:22:08]} Na5
{[%clk 1:14:51]} 16. b3 {[%clk 1:20:56]} a6 {[%clk 1:14:52]} 17. Rad1
{[%clk 1:18:54]} Rc8 {[%clk 1:13:44]} 18. Rf2 {[%clk 1:09:37]} Qc7
{[%clk 1:11:09]} 19. Na2 {[%clk 1:07:51]} Nf6 {[%clk 1:07:24]} 20. Nb4
{[%clk 1:04:50]} Rfd8 {[%clk 0:59:30]} 21. g4 {[%clk 0:54:25]} Nc6
{[%clk 0:24:22]} 22. g5 {[%clk 0:30:51]} Ng8 {[%clk 0:12:01]} 23. Nf3
{[%clk 0:23:12]} h5 {[%clk 0:10:44]} 24. Qxd6 {[%clk 0:08:25]} Qa5
{[%clk 0:03:55]} 25. Rfd2 {[%clk 0:04:31]} Bf8 {[%clk 0:03:49]} 26. Nxc6
{[%clk 0:04:42]} Bxc6 {[%clk 0:00:37]} 27. Qe5 {[%clk 0:03:37]} Rxd2
{[%clk 0:00:36]} 28. Rxd2 {[%clk 0:03:28]} Qxe5 {[%clk 0:00:36]} 29. Nxe5
{[%clk 0:03:46]} Be8 {[%clk 0:00:59]} 30. Nd7 {[%clk 0:03:37]} Be7
{[%clk 0:01:15]} 31. Nb6 {[%clk 0:03:04]} Rb8 {[%clk 0:00:38]} 32. c4
{[%clk 0:02:54]} Bb4 {[%clk 0:01:04]} 33. Rd3 {[%clk 0:02:50]} Bc6
{[%clk 0:00:44]} 34. Nd7 {[%clk 0:02:02]} Rc8 {[%clk 0:01:07]} 35. Ne5
{[%clk 0:02:18]} Be8 {[%clk 0:01:29]} 36. f5 {[%clk 0:01:53]} Ne7
{[%clk 0:01:15]} 37. fxe6 {[%clk 0:01:47]} fxe6 {[%clk 0:01:35]} 38. Nd7
{[%clk 0:02:08]} Nc6 {[%clk 0:01:45]} 39. Nf6+ {[%clk 0:02:12]} Kg7
{[%clk 0:02:10]} 40. Bc1 {[%clk 0:01:03]} Kf7 {[%clk 0:02:01]} 41. Bb2
{[%clk 0:01:00]} Rd8 {[%clk 0:00:44]} 42. Rf3 {[%clk 0:01:15]} Rd1
{[%clk 0:00:35]} 43. Nxh5+ {[%clk 0:00:42]} Ke7 {[%clk 0:01:01]} 44. Nf4
{[%clk 0:00:41]} Bd6 {[%clk 0:00:59]} 45. Kg3 {[%clk 0:00:44]} Ne5
{[%clk 0:00:52]} 46. Bxe5 {[%clk 0:00:41]} Bxe5 {[%clk 0:01:20]} 47. Kg4
{[%clk 0:00:49]} Rd2 {[%clk 0:01:19]} 48. Bf1 {[%clk 0:00:42]} Rb2
{[%clk 0:01:20]} 49. Nd3 {[%clk 0:00:51]} 1-0

[Event "XXVI Miedzynarodowy Festiwal Szachowy im.Jozefa Dominika"]
[Site "Dobczyce"]
[Date "2018.07.14"]
[Round "7.7"]
[White "Kozak, Antoni"]
[Black "Furtak, Joanna"]
[Result "1/2-1/2"]
[BlackElo "1948"]
[WhiteElo "2208"]
[LiveChessVersion "1.4.8"]

1. e4 {[%clk 1:30:58]} e5 {[%clk 1:30:56]} 2. Nf3 {[%clk 1:30:41]} Nc6
{[%clk 1:31:21]} 3. Bb5 {[%clk 1:30:36]} a6 {[%clk 1:31:43]} 4. Ba4
{[%clk 1:31:00]} Nf6 {[%clk 1:32:02]} 5. O-O {[%clk 1:31:21]} Be7
{[%clk 1:32:26]} 6. Re1 {[%clk 1:31:22]} b5 {[%clk 1:32:30]} 7. Bb3
{[%clk 1:31:46]} d6 {[%clk 1:32:10]} 8. c3 {[%clk 1:31:54]} O-O {[%clk 1:31:47]}
9. h3 {[%clk 1:32:07]} Nb8 {[%clk 1:28:47]} 10. d4 {[%clk 1:30:52]} Nbd7
{[%clk 1:28:45]} 11. Nbd2 {[%clk 1:30:15]} Bb7 {[%clk 1:28:10]} 12. a4
{[%clk 1:29:49]} c5 {[%clk 1:17:42]} 13. d5 {[%clk 1:26:24]} c4 {[%clk 1:17:30]}
14. Bc2 {[%clk 1:26:47]} Nc5 {[%clk 1:17:45]} 15. Nf1 {[%clk 1:26:19]} Re8
{[%clk 1:16:39]} 16. g4 {[%clk 1:24:13]} h6 {[%clk 1:15:30]} 17. Ng3
{[%clk 1:24:33]} Bf8 {[%clk 1:10:33]} 18. Nf5 {[%clk 1:24:30]} Kh7
{[%clk 1:09:26]} 19. g5 {[%clk 1:20:51]} hxg5 {[%clk 1:00:05]} 20. Nxg5+
{[%clk 1:21:15]} Kg8 {[%clk 1:00:31]} 21. Kh2 {[%clk 1:20:58]} Bc8
{[%clk 0:55:54]} 22. Qf3 {[%clk 1:18:38]} g6 {[%clk 0:52:15]} 23. Rg1
{[%clk 1:17:44]} Nb3 {[%clk 0:34:02]} 24. Bxb3 {[%clk 1:16:44]} cxb3
{[%clk 0:34:30]} 25. Qg2 {[%clk 1:17:00]} Qc7 {[%clk 0:34:20]} 26. axb5
{[%clk 1:16:28]} Nxd5 {[%clk 0:33:33]} 27. bxa6 {[%clk 1:09:48]} Nf6
{[%clk 0:28:06]} 28. Qf1 {[%clk 1:01:39]} Qc6 {[%clk 0:21:09]} 29. Qg2
{[%clk 1:01:46]} Qc7 {[%clk 0:21:27]} 30. Ra3 {[%clk 0:49:18]} Rxa6
{[%clk 0:15:52]} 31. Rxb3 {[%clk 0:48:24]} d5 {[%clk 0:15:18]} 32. f3
{[%clk 0:45:59]} 1/2-1/2

[Event "XXVI Miedzynarodowy Festiwal Szachowy im.Jozefa Dominika"]
[Site "Dobczyce"]
[Date "2018.07.14"]
[Round "7.8"]
[White "Cisek, Kamil"]
[Black "Kucharski, Bartlomiej"]
[Result "1/2-1/2"]
[BlackElo "1861"]
[WhiteElo "1726"]
[LiveChessVersion "1.4.8"]

1. d4 {[%clk 1:30:57]} d5 {[%clk 1:30:33]} 2. c4 {[%clk 1:31:14]} e6
{[%clk 1:30:36]} 3. Nf3 {[%clk 1:31:28]} Nf6 {[%clk 1:30:47]} 4. g3
{[%clk 1:31:36]} c6 {[%clk 1:30:34]} 5. b3 {[%clk 1:30:52]} Bd6 {[%clk 1:29:27]}
6. Bg2 {[%clk 1:30:47]} O-O {[%clk 1:29:42]} 7. O-O {[%clk 1:30:21]} Nbd7
{[%clk 1:27:35]} 8. Bb2 {[%clk 1:29:37]} b6 {[%clk 1:27:18]} 9. Nbd2
{[%clk 1:29:12]} Bb7 {[%clk 1:26:52]} 10. Rc1 {[%clk 1:23:22]} Rc8
{[%clk 1:25:03]} 11. e3 {[%clk 1:15:49]} c5 {[%clk 1:16:04]} 12. Ne5
{[%clk 1:13:48]} Rc7 {[%clk 0:48:43]} 13. Qe2 {[%clk 1:05:37]} Qa8
{[%clk 0:47:43]} 14. Rfd1 {[%clk 1:04:46]} cxd4 {[%clk 0:41:01]} 15. exd4
{[%clk 1:04:55]} Rfc8 {[%clk 0:40:27]} 16. f4 {[%clk 0:57:33]} Ne4
{[%clk 0:35:08]} 17. Nxe4 {[%clk 0:56:10]} dxe4 {[%clk 0:35:14]} 18. Nxd7
{[%clk 0:52:02]} Rxd7 {[%clk 0:35:19]} 19. Qe3 {[%clk 0:52:12]} f5
{[%clk 0:32:27]} 20. a3 {[%clk 0:49:43]} Be7 {[%clk 0:30:50]} 21. b4
{[%clk 0:44:44]} Rcd8 {[%clk 0:20:44]} 22. Bf1 {[%clk 0:42:07]} Bf6
{[%clk 0:17:06]} 1/2-1/2

[Event "XXVI Miedzynarodowy Festiwal Szachowy im.Jozefa Dominika"]
[Site "Dobczyce"]
[Date "2018.07.14"]
[Round "7.9"]
[White "Klementys, Jerzy"]
[Black "Slabek, Grzegorz"]
[Result "0-1"]
[BlackElo "1971"]
[WhiteElo "1724"]
[LiveChessVersion "1.4.8"]

1. d4 {[%clk 1:30:57]} g6 {[%clk 1:30:56]} 2. c4 {[%clk 1:31:10]} Bg7
{[%clk 1:31:19]} 3. Nc3 {[%clk 1:30:16]} Nf6 {[%clk 1:31:43]} 4. e4
{[%clk 1:30:39]} d6 {[%clk 1:32:09]} 5. Nf3 {[%clk 1:30:20]} O-O {[%clk 1:32:34]}
6. h3 {[%clk 1:30:02]} c6 {[%clk 1:32:59]} 7. Be2 {[%clk 1:30:21]} a6
{[%clk 1:33:27]} 8. a4 {[%clk 1:30:15]} a5 {[%clk 1:33:56]} 9. O-O
{[%clk 1:30:34]} Na6 {[%clk 1:34:24]} 10. Bf4 {[%clk 1:28:52]} Nd7
{[%clk 1:34:46]} 11. Qd2 {[%clk 1:28:15]} Nb4 {[%clk 1:34:36]} 12. Bh6
{[%clk 1:27:53]} e5 {[%clk 1:34:49]} 13. Bxg7 {[%clk 1:26:07]} Kxg7
{[%clk 1:35:16]} 14. dxe5 {[%clk 1:26:20]} dxe5 {[%clk 1:35:27]} 15. Rad1
{[%clk 1:26:17]} Qe7 {[%clk 1:35:52]} 16. Qd6 {[%clk 1:19:01]} Qxd6
{[%clk 1:35:10]} 17. Rxd6 {[%clk 1:19:27]} f6 {[%clk 1:35:14]} 18. Ne1 Nc5 19.
Nd3 Nbxd3 20. Bxd3 Be6 21. Be2 Rfd8 22. Rfd1 Rxd6 23. Rxd6 Kf7 24. Rd1 Ke7 25. f3
Rd8 26. Rxd8 Kxd8 27. g4 Kc7 28. Kf2 Kd6 29. Ke3 g5 30. Bd3 {[%clk 0:52:53]} Nb3
{[%clk 1:35:57]} 31. Nb1 {[%clk 0:53:02]} Kc5 {[%clk 1:35:59]} 32. Nd2
{[%clk 0:41:40]} Nxd2 {[%clk 1:36:17]} 33. Kxd2 {[%clk 0:42:08]} Bxc4
{[%clk 1:36:19]} 34. Kc3 {[%clk 0:41:03]} Bxd3 {[%clk 1:36:39]} 35. Kxd3
{[%clk 0:41:32]} Kb4 {[%clk 1:36:28]} 36. Kc2 {[%clk 0:40:56]} Kxa4
{[%clk 1:36:22]} 37. Kc3 {[%clk 0:41:16]} Kb5 {[%clk 1:36:41]} 38. b3
{[%clk 0:41:42]} Kc5 {[%clk 1:37:03]} 39. Kd3 {[%clk 0:41:55]} Kb4
{[%clk 1:37:25]} 40. Kc2 {[%clk 0:42:24]} b5 {[%clk 1:37:44]} 41. Kb2
{[%clk 0:42:50]} c5 {[%clk 1:38:06]} 42. Kc2 {[%clk 0:43:15]} c4 {[%clk 1:38:30]}
43. bxc4 {[%clk 0:43:40]} Kxc4 {[%clk 1:38:55]} 44. Kd2 {[%clk 0:43:54]} a4
{[%clk 1:39:16]} 45. Kc2 {[%clk 0:44:20]} a3 {[%clk 1:39:32]} 46. Kb1
{[%clk 0:44:44]} b4 {[%clk 1:39:44]} 47. Ka2 {[%clk 0:45:10]} Kc3
{[%clk 1:40:06]} 48. Ka1 {[%clk 0:45:34]} Kc2 {[%clk 1:40:17]} 49. Ka2
{[%clk 0:46:02]} b3+ {[%clk 1:40:39]} 50. Kxa3 {[%clk 0:46:28]} b2
{[%clk 1:41:04]} 0-1

[Event "XXVI Miedzynarodowy Festiwal Szachowy im.Jozefa Dominika"]
[Site "Dobczyce"]
[Date "2018.07.15"]
[Round "8.1"]
[White "Mirski, Michal"]
[Black "Mis, Mieszko"]
[Result "0-1"]
[BlackElo "2291"]
[WhiteElo "1973"]
[LiveChessVersion "1.4.8"]

1. a3 {[%clk 1:30:51]} d5 {[%clk 1:30:27]} 2. Nf3 {[%clk 1:30:45]} g6
{[%clk 1:30:33]} 3. d4 {[%clk 1:30:29]} Nf6 {[%clk 1:30:38]} 4. e3
{[%clk 1:30:35]} Bg7 {[%clk 1:30:52]} 5. b4 {[%clk 1:29:11]} Nbd7
{[%clk 1:29:27]} 6. Bb2 {[%clk 1:29:24]} Nb6 {[%clk 1:29:28]} 7. Ne5
{[%clk 1:25:35]} Nfd7 {[%clk 1:29:00]} 8. f4 {[%clk 1:22:54]} O-O
{[%clk 1:24:24]} 9. Bd3 {[%clk 1:21:00]} Nxe5 {[%clk 1:23:54]} 10. dxe5
{[%clk 1:18:49]} f6 {[%clk 1:16:54]} 11. exf6 {[%clk 1:18:35]} exf6
{[%clk 1:17:15]} 12. O-O {[%clk 1:13:34]} f5 {[%clk 1:15:30]} 13. Bd4
{[%clk 1:10:17]} Qe7 {[%clk 0:59:27]} 14. Qf3 {[%clk 0:55:17]} a5
{[%clk 0:52:36]} 15. c3 {[%clk 0:44:58]} Re8 {[%clk 0:44:23]} 16. Nd2
{[%clk 0:41:11]} Bd7 {[%clk 0:38:02]} 17. b5 {[%clk 0:22:41]} Rab8
{[%clk 0:33:51]} 18. Nb3 {[%clk 0:18:44]} Na4 {[%clk 0:27:30]} 19. c4
{[%clk 0:15:03]} Bxd4 {[%clk 0:27:02]} 20. exd4 {[%clk 0:13:15]} Qe3+
{[%clk 0:26:39]} 21. Rf2 {[%clk 0:12:16]} c6 {[%clk 0:09:29]} 22. Rc1
{[%clk 0:09:13]} Nb6 {[%clk 0:08:01]} 23. cxd5 {[%clk 0:05:56]} cxb5
{[%clk 0:04:48]} 24. Rc7 {[%clk 0:04:57]} Qxf3 {[%clk 0:02:12]} 25. Rxf3
{[%clk 0:05:02]} Rec8 {[%clk 0:02:05]} 26. Rxc8+ {[%clk 0:04:20]} Rxc8
{[%clk 0:02:34]} 27. Nxa5 {[%clk 0:04:26]} Nxd5 {[%clk 0:01:47]} 28. Nxb7
{[%clk 0:04:02]} Rc1+ {[%clk 0:02:04]} 29. Bf1 {[%clk 0:04:01]} Bc6
{[%clk 0:00:55]} 30. Nd8 {[%clk 0:03:17]} Ba8 {[%clk 0:01:01]} 31. Kf2
{[%clk 0:01:51]} Nf6 {[%clk 0:00:52]} 32. Rb3 {[%clk 0:00:39]} Ne4+
{[%clk 0:01:08]} 33. Ke2 {[%clk 0:00:33]} Bd5 {[%clk 0:01:28]} 0-1

[Event "XXVI Miedzynarodowy Festiwal Szachowy im.Jozefa Dominika"]
[Site "Dobczyce"]
[Date "2018.07.15"]
[Round "8.2"]
[White "Szczurek, Krzysztof"]
[Black "Golenia, Wojciech"]
[Result "1/2-1/2"]
[BlackElo "1984"]
[WhiteElo "2136"]
[LiveChessVersion "1.4.8"]

1. Nf3 {[%clk 1:30:57]} d5 {[%clk 1:28:12]} 2. g3 {[%clk 1:31:20]} Nc6
{[%clk 1:27:43]} 3. Bg2 {[%clk 1:31:37]} e5 {[%clk 1:27:08]} 4. O-O
{[%clk 1:31:36]} Be6 {[%clk 1:24:28]} 5. d3 {[%clk 1:30:31]} Qd7 {[%clk 1:23:07]}
6. Nbd2 {[%clk 1:28:25]} f6 {[%clk 1:22:32]} 7. e4 {[%clk 1:25:13]} Nge7
{[%clk 1:22:39]} 8. Qe2 {[%clk 1:22:24]} O-O-O {[%clk 1:22:00]} 9. Nb3
{[%clk 1:21:03]} g5 {[%clk 1:11:38]} 10. Nc5 {[%clk 1:16:57]} Qd6
{[%clk 1:11:48]} 11. Nxe6 {[%clk 1:17:22]} Qxe6 {[%clk 1:12:07]} 12. c3
{[%clk 1:17:45]} g4 {[%clk 0:59:34]} 13. Nh4 {[%clk 1:15:09]} dxe4
{[%clk 0:55:16]} 14. dxe4 {[%clk 1:15:29]} Ng6 {[%clk 0:54:28]} 15. Nf5
{[%clk 1:15:31]} h5 {[%clk 0:51:32]} 16. f3 {[%clk 1:14:30]} Bc5+
{[%clk 0:49:17]} 17. Be3 {[%clk 1:14:37]} Bxe3+ {[%clk 0:47:24]} 18. Nxe3
{[%clk 1:13:58]} h4 {[%clk 0:41:12]} 19. fxg4 {[%clk 1:13:45]} hxg3
{[%clk 0:41:12]} 20. hxg3 {[%clk 1:14:09]} Nf8 {[%clk 0:39:17]} 21. Nd5
{[%clk 1:09:04]} Nd7 {[%clk 0:38:38]} 22. Qf3 {[%clk 1:07:13]} Rdf8
{[%clk 0:36:32]} 23. Qf5 {[%clk 1:06:49]} Qd6 {[%clk 0:35:42]} 24. Rad1
{[%clk 1:06:26]} Ne7 {[%clk 0:34:54]} 25. Nxe7+ {[%clk 1:06:37]} Qxe7
{[%clk 0:35:00]} 26. Rf2 {[%clk 1:06:08]} Rd8 {[%clk 0:29:47]} 27. Rfd2
{[%clk 1:03:29]} Rh7 {[%clk 0:28:52]} 28. g5 {[%clk 1:02:56]} fxg5
{[%clk 0:27:58]} 29. Bh3 {[%clk 1:03:19]} g4 {[%clk 0:10:58]} 30. Qxg4
{[%clk 0:58:28]} Qc5+ {[%clk 0:07:00]} 31. Kg2 {[%clk 0:58:48]} Rf7
{[%clk 0:07:21]} 32. b4 {[%clk 0:56:35]} Qe3 {[%clk 0:06:11]} 33. Rxd7
{[%clk 0:55:53]} Qf2+ {[%clk 0:05:54]} 34. Kh1 {[%clk 0:56:15]} Rdxd7
{[%clk 0:05:55]} 35. Qg8+ {[%clk 0:53:37]} Rf8 {[%clk 0:06:24]} 36. Bxd7+
{[%clk 0:53:45]} Kb8 {[%clk 0:06:27]} 37. Qg7 {[%clk 0:53:56]} Qf3+
{[%clk 0:05:09]} 38. Kh2 {[%clk 0:54:19]} Qe2+ {[%clk 0:05:21]} 39. Kh3
{[%clk 0:54:40]} Qh5+ {[%clk 0:05:41]} 40. Kg2 {[%clk 0:54:55]} 1/2-1/2

[Event "XXVI Miedzynarodowy Festiwal Szachowy im.Jozefa Dominika"]
[Site "Dobczyce"]
[Date "2018.07.15"]
[Round "8.3"]
[White "Lewtak, Dominik"]
[Black "Kasperek, Ryszard"]
[Result "1-0"]
[BlackElo "2156"]
[WhiteElo "2164"]
[LiveChessVersion "1.4.8"]

1. e4 {[%clk 1:30:57]} c5 {[%clk 1:30:41]} 2. Nf3 {[%clk 1:31:14]} d6
{[%clk 1:30:15]} 3. d4 {[%clk 1:31:36]} cxd4 {[%clk 1:30:40]} 4. Nxd4
{[%clk 1:32:02]} Nf6 {[%clk 1:31:02]} 5. Nc3 {[%clk 1:32:26]} e6 {[%clk 1:31:10]}
6. Bg5 {[%clk 1:32:49]} h6 {[%clk 1:29:34]} 7. Bh4 {[%clk 1:32:13]} Nc6
{[%clk 1:26:20]} 8. Be2 {[%clk 1:28:41]} Be7 {[%clk 1:25:32]} 9. O-O
{[%clk 1:28:34]} a6 {[%clk 1:23:01]} 10. f4 {[%clk 1:25:29]} O-O {[%clk 1:16:56]}
11. Qd3 {[%clk 1:13:33]} Qc7 {[%clk 1:10:53]} 12. Kh1 {[%clk 1:05:12]} Bd7
{[%clk 0:51:30]} 13. Rad1 {[%clk 1:02:52]} Rad8 {[%clk 0:45:48]} 14. Qg3
{[%clk 0:59:51]} Nxd4 {[%clk 0:43:11]} 15. Rxd4 {[%clk 1:00:13]} Bc6
{[%clk 0:43:24]} 16. a4 {[%clk 0:49:50]} d5 {[%clk 0:17:36]} 17. e5
{[%clk 0:48:39]} Ne4 {[%clk 0:18:01]} 18. Nxe4 {[%clk 0:48:05]} dxe4
{[%clk 0:18:27]} 19. Bf6 {[%clk 0:36:40]} Bxf6 {[%clk 0:18:33]} 20. exf6
{[%clk 0:37:05]} g6 {[%clk 0:18:50]} 21. Qh4 {[%clk 0:37:03]} Kh7
{[%clk 0:18:50]} 22. Rc4 {[%clk 0:37:15]} Rd2 {[%clk 0:15:23]} 23. Rc3 Rxe2 24.
Qxh6+ 1-0